000 00325nam a2200133Ia 4500
005 20251222144734.0
008 251222s9999||||xx |||||||||||||| ||spa||
020 _a0-673-12428-2
082 _a428/S31S-E
100 _aSciller, Andrew
245 0 _aMy Second Picture Dictionary:
264 _bScott Foresman
942 _cLIB
999 _c18703
_d18703